[Event "XXVI Ogolnopolska Olimpiada Mlodziezy"]
[Site "Pulawy"]
[Date "2020.10.08"]
[Round "6.10"]
[White "Pietrzak, Emilia"]
[Black "Egeman, Emilia"]
[Result "1-0"]
[WhiteElo "1398"]
[BlackElo "1534"]
[PlyCount "103"]
[EventDate "2020.10.04"]
[EventType "swiss"]
[Tiebreak "Sum of Buchholz+Median1 Buchholz+Sonneborn-Berger (Swiss)"]

1. e4 c5 2. Nf3 d6 3. Bb5+ Nd7 4. d4 cxd4 5. Qxd4 a6 6. Bxd7+ Bxd7 7. Nc3 e5 8.
Qd3 h6 9. Be3 Nf6 10. h3 Be7 11. O-O Be6 12. Rfd1 b5 13. b3 O-O 14. Qe2 Qc7 15.
Nd5 Nxd5 16. exd5 Bd7 17. Rac1 b4 18. Qd2 Qb7 19. c4 bxc3 20. Rxc3 f5 21. Qc2
Rac8 22. Rc4 Bd8 23. Rc1 Ba5 24. Bd2 Qxd5 25. Bxa5 Qxa5 26. Qd1 Rxc4 27. Rxc4
Rf6 28. Qc2 Qd5 29. Rc7 Be6 30. Ra7 Rg6 31. Nh4 Rf6 32. Rxa6 Qd4 33. Nf3 Qb4
34. Qc6 Bf7 35. Qc8+ Kh7 36. Ra8 Kg6 37. Ra4 Qb5 38. Nh4+ Kg5 39. Rg4+ Kh5 40.
Nxf5 g5 41. Ng3+ Kg6 42. Qc2+ Kg7 43. Nf5+ Kf8 44. Ra4 Qd5 45. Qc8+ Be8 46. Ra8
Qf7 47. g4 h5 48. Qd8 Re6 49. Nxd6 Qf3 50. Nxe8 Kf7 51. Nd6+ Kg6 52. Qg8+ 1-0

[Event "XXVI Ogolnopolska Olimpiada Mlodziezy"]
[Site "Pulawy"]
[Date "2020.10.08"]
[Round "6.10"]
[White "Wiatrowski, Zbigniew"]
[Black "Krupinski, Mikolaj"]
[Result "1-0"]
[WhiteElo "1849"]
[BlackElo "1776"]
[PlyCount "111"]
[EventDate "2020.10.04"]
[EventType "swiss"]
[Tiebreak "Sum of Buchholz+Median1 Buchholz+Sonneborn-Berger (Swiss)"]

1. e4 c5 2. Nf3 Nc6 3. d4 cxd4 4. Nxd4 Nf6 5. Nc3 d6 6. Be2 e5 7. Nf3 Be7 8.
Bg5 Be6 9. O-O O-O 10. Bxf6 Bxf6 11. Nd5 Bxd5 12. Qxd5 Qc7 13. c3 Rac8 14. Rad1
Rfd8 15. Rd2 Ne7 16. Qb3 Qc6 17. Bd3 a6 18. Rfd1 Rd7 19. Bb1 Rcd8 20. a4 Nc8
21. a5 Qc7 22. Qa4 Ne7 23. Ba2 Qc5 24. b4 Qc7 25. h3 Kf8 26. Qb3 Ng8 27. c4 g6
28. Qd3 Re8 29. c5 d5 30. Bxd5 Ne7 31. Qc4 Nxd5 32. Rxd5 Red8 33. Nh2 Ke8 34.
Ng4 Bg7 35. Ne3 Qc6 36. R1d3 Bf6 37. Ng4 Bg7 38. Nxe5 Bxe5 39. Rxe5+ Kf8 40.
Red5 Rxd5 41. exd5 Qa4 42. Qd4 Kg8 43. h4 Qc2 44. h5 Qc1+ 45. Rd1 Qg5 46. hxg6
fxg6 47. d6 Kf7 48. Rd3 h5 49. Rf3+ Kg8 50. Re3 Rf8 51. Re7 Qc1+ 52. Kh2 Qh6
53. d7 Rd8 54. Qd5+ Kh8 55. Qe5+ Kg8 56. Qe6+ 1-0

[Event "XXVI Ogolnopolska Olimpiada Mlodziezy"]
[Site "Pulawy"]
[Date "2020.10.08"]
[Round "6.11"]
[White "Dallemura, Julia"]
[Black "Bandyk, Joanna"]
[Result "1/2-1/2"]
[WhiteElo "1133"]
[BlackElo "1191"]
[PlyCount "72"]
[EventDate "2020.10.04"]
[EventType "swiss"]
[Tiebreak "Sum of Buchholz+Median1 Buchholz+Sonneborn-Berger (Swiss)"]

1. e4 c5 2. Nf3 d6 3. d4 cxd4 4. Nxd4 Nf6 5. Nc3 a6 6. h3 e5 7. Nf3 b5 8. a3
Bb7 9. Bd3 Be7 10. O-O O-O 11. Re1 Nbd7 12. Nh2 Nc5 13. Ng4 Nxg4 14. Qxg4 Qd7
15. Qg3 Qe6 16. Rd1 Qg6 17. Qe3 Rfe8 18. b4 Ne6 19. Nd5 Rac8 20. Nxe7+ Rxe7 21.
Kh1 Nd4 22. Ra2 Re6 23. f3 Rf6 24. Qg5 Qxg5 25. Bxg5 Rg6 26. Be3 Ne6 27. a4
bxa4 28. Rxa4 h6 29. Rg1 Rc6 30. b5 axb5 31. Bxb5 Rxc2 32. Ra7 Bc8 33. Ra8 Kh7
34. Be8 Rf6 35. Rd1 Nf8 36. Ba4 Rc4 1/2-1/2

[Event "XXVI Ogolnopolska Olimpiada Mlodziezy"]
[Site "Pulawy"]
[Date "2020.10.08"]
[Round "6.11"]
[White "Gaczol, Julia"]
[Black "Trybus, Dominika"]
[Result "1-0"]
[WhiteElo "1360"]
[BlackElo "1471"]
[PlyCount "137"]
[EventDate "2020.10.04"]
[EventType "swiss"]
[Tiebreak "Sum of Buchholz+Median1 Buchholz+Sonneborn-Berger (Swiss)"]

1. e4 g6 2. d4 Bg7 3. Nf3 c6 4. Bd3 d6 5. O-O Nd7 6. c3 Ngf6 7. Nbd2 e5 8. dxe5
dxe5 9. Nc4 Qc7 10. Bc2 O-O 11. Nd6 Rd8 12. Nxc8 Raxc8 13. Qe2 Nc5 14. b4 Ne6
15. Ng5 Nxg5 16. Bxg5 c5 17. bxc5 Qxc5 18. Bd2 Rd7 19. Rfd1 Rdc7 20. a4 Ne8 21.
Bd3 a6 22. Rdc1 Qe7 23. Rab1 Bf8 24. Rb3 Qd7 25. Rcb1 Nd6 26. a5 Rc5 27. c4
R5c7 28. h3 Qe6 29. Rb6 Qd7 30. Bc3 f6 31. Bb4 Nxc4 32. Bxc4+ Rxc4 33. Bxf8
Kxf8 34. Rxf6+ Kg7 35. Rfb6 Rc1+ 36. Rxc1 Rxc1+ 37. Kh2 Rc6 38. Rb4 Qe7 39. Qb2
Rc7 40. f4 Kf7 41. fxe5 Kg8 42. Rb6 Qf7 43. Rf6 Qc4 44. Qd2 Rf7 45. Rxf7 Qxf7
46. Qd5 Kg7 47. Qxf7+ Kxf7 48. Kg3 Ke6 49. Kf4 h6 50. h4 g5+ 51. hxg5 hxg5+ 52.
Kxg5 Kxe5 53. g4 Kxe4 54. Kf6 Kd5 55. g5 Kc5 56. g6 Kb5 57. g7 Kxa5 58. g8=Q b5
59. Qb3 b4 60. Ke5 Kb5 61. Kd5 a5 62. Qc4+ Ka4 63. Qa2+ Kb5 64. Qb3 a4 65. Qc4+
Ka5 66. Qc5+ Ka6 67. Qxb4 a3 68. Kc6 Ka7 69. Qb7# 1-0

[Event "XXVI Ogolnopolska Olimpiada Mlodziezy"]
[Site "Pulawy"]
[Date "2020.10.08"]
[Round "6.11"]
[White "Ptaszynski, Szymon"]
[Black "Liskiewicz, Jakub"]
[Result "1/2-1/2"]
[WhiteElo "1518"]
[BlackElo "1622"]
[PlyCount "118"]
[EventDate "2020.10.04"]
[EventType "swiss"]
[Tiebreak "Sum of Buchholz+Median1 Buchholz+Sonneborn-Berger (Swiss)"]

1. c4 c6 2. g3 e5 3. Nc3 Nf6 4. Bg2 d5 5. cxd5 cxd5 6. d4 e4 7. Bg5 Be7 8. Qb3
Nbd7 9. Nh3 h6 10. Bxf6 Nxf6 11. Nf4 Kf8 12. f3 e3 13. O-O Be6 14. Nxe6+ fxe6
15. Nd1 Qb8 16. Qxe3 Kf7 17. Bh3 Qd6 18. Nf2 h5 19. Nd3 Nd7 20. f4 Qb6 21. f5
e5 22. Nxe5+ Nxe5 23. Qxe5 Kf8 24. e3 h4 25. g4 Rd8 26. Rf2 Bd6 27. Qe6 Rh6 28.
g5 Rxe6 29. fxe6+ Kg8 30. b3 Rf8 31. Raf1 Qd8 32. Rg2 Rxf1+ 33. Kxf1 Be7 34. g6
Bf6 35. Rc2 Kf8 36. Rc8 Qxc8 37. e7+ Kxe7 38. Bxc8 b6 39. h3 Kd6 40. Bb7 b5 41.
b4 Be7 42. Ke2 Ke6 43. a3 Kd6 44. Kd3 Bd8 45. e4 dxe4+ 46. Bxe4 a5 47. Kc3 Bc7
48. Ba8 Bb6 49. bxa5 Bxa5+ 50. Kb3 Bb6 51. d5 Kc5 52. Bc6 Kd6 53. Ba8 Bd4 54.
Kb4 Bc5+ 55. Kxb5 Bxa3 56. Bc6 Bc1 57. Kb6 Be3+ 58. Kb7 Bd4 59. Kc8 Bf6 1/2-1/2

[Event "XXVI Ogolnopolska Olimpiada Mlodziezy"]
[Site "Pulawy"]
[Date "2020.10.08"]
[Round "6.11"]
[White "Zdybel, Przemyslaw"]
[Black "Herwy, Jakub"]
[Result "0-1"]
[WhiteElo "1938"]
[BlackElo "1754"]
[PlyCount "66"]
[EventDate "2020.10.04"]
[EventType "swiss"]
[Tiebreak "Sum of Buchholz+Median1 Buchholz+Sonneborn-Berger (Swiss)"]

1. e4 c5 2. Nf3 e6 3. d4 cxd4 4. Nxd4 a6 5. Bd3 Bc5 6. Nb3 Be7 7. O-O d6 8. c4
Nf6 9. Nc3 Nbd7 10. f4 Qc7 11. Be3 b6 12. Rc1 Bb7 13. Nd2 O-O 14. b4 Rac8 15.
Qe2 Rfe8 16. a3 g6 17. h3 Bf8 18. Qf2 Ba8 19. Nf3 Bg7 20. g4 Red8 21. f5 exf5
22. exf5 Ne5 23. Nxe5 dxe5 24. Nd5 Qd7 25. fxg6 hxg6 26. Nxf6+ Bxf6 27. Qxf6
Rc6 28. Qxe5 Re6 29. Qh2 Rxe3 30. Be2 Rde8 31. Rc2 Qd4 32. Qf2 Rg3+ 33. Kh2
Rg2+ 0-1

[Event "XXVI Ogolnopolska Olimpiada Mlodziezy"]
[Site "Pulawy"]
[Date "2020.10.08"]
[Round "6.12"]
[White "Giemza, Julia"]
[Black "Nowak, Zuzanna"]
[Result "1-0"]
[WhiteElo "1279"]
[BlackElo "1292"]
[PlyCount "75"]
[EventDate "2020.10.04"]
[EventType "swiss"]
[Tiebreak "Sum of Buchholz+Median1 Buchholz+Sonneborn-Berger (Swiss)"]

1. e4 e5 2. Nc3 Nf6 3. g3 d5 4. Bg2 Be6 5. d3 Be7 6. Nge2 Nc6 7. O-O O-O 8. h3
Qd7 9. Kh2 Rad8 10. f4 exf4 11. Nxf4 dxe4 12. Nxe4 Bf5 13. Be3 Nd5 14. Nxd5
Bxh3 15. Nxe7+ Qxe7 16. Bxh3 Ne5 17. Bc5 Qe8 18. Bxf8 Kxf8 19. Ng5 Kg8 20. Qe1
Qb5 21. Qc3 c6 22. Nf3 Ng6 23. Rae1 h6 24. Ne5 Nxe5 25. Rxe5 Qb6 26. Ref5 f6
27. Qb3+ Qxb3 28. axb3 Re8 29. R5f2 Re5 30. Bg4 Kf7 31. Re2 Rg5 32. Bh3 Kf8 33.
Rfe1 Rb5 34. Be6 g5 35. Bc4 Rb6 36. Re7 Rb4 37. Rf7+ Kg8 38. Re8# 1-0

[Event "XXVI Ogolnopolska Olimpiada Mlodziezy"]
[Site "Pulawy"]
[Date "2020.10.08"]
[Round "6.12"]
[White "Glaz, Michal"]
[Black "Grzebieniowski, Michal"]
[Result "0-1"]
[WhiteElo "1180"]
[BlackElo "1588"]
[PlyCount "66"]
[EventDate "2020.10.04"]
[EventType "swiss"]
[Tiebreak "Sum of Buchholz+Median1 Buchholz+Sonneborn-Berger (Swiss)"]

1. e4 c6 2. d4 d5 3. exd5 cxd5 4. Bd3 Nc6 5. c3 Nf6 6. Bf4 e6 7. Nf3 Bd6 8.
Bxd6 Qxd6 9. Nbd2 O-O 10. O-O Rb8 11. Qc2 b5 12. Rae1 b4 13. Ne5 Bd7 14. f4 h6
15. Rf3 bxc3 16. bxc3 Rfc8 17. Nb3 Nb4 18. Qd2 Nxd3 19. Qxd3 Ne4 20. Rc1 f5 21.
Rh3 Be8 22. Nd2 Qa3 23. Qc2 Rb2 24. Qd1 Rxd2 25. Qe1 Qb2 26. Qf1 Bb5 27. Qe1
Rxg2+ 28. Kh1 Nf2+ 29. Kxg2 Nd3+ 30. Kg3 Nxe1 31. Rxe1 Rxc3+ 32. Kh4 Qf2+ 33.
Kh5 Be8+ 0-1

[Event "XXVI Ogolnopolska Olimpiada Mlodziezy"]
[Site "Pulawy"]
[Date "2020.10.08"]
[Round "6.12"]
[White "Jaskulski, Jan"]
[Black "Wojdak, Jan"]
[Result "1/2-1/2"]
[WhiteElo "1619"]
[BlackElo "1910"]
[PlyCount "71"]
[EventDate "2020.10.04"]
[EventType "swiss"]
[Tiebreak "Sum of Buchholz+Median1 Buchholz+Sonneborn-Berger (Swiss)"]

1. e4 d5 2. exd5 Qxd5 3. Nc3 Qd8 4. d4 Nf6 5. Nf3 g6 6. Bc4 Bg7 7. O-O O-O 8.
Re1 Nc6 9. d5 Na5 10. Bf1 b6 11. b4 Nh5 12. Bb2 Nb7 13. Ne5 Bxe5 14. Rxe5 Ng7
15. Nb5 f6 16. Re1 Nf5 17. c4 Bd7 18. Nd4 Re8 19. Rc1 Nxd4 20. Qxd4 c5 21. dxc6
Bxc6 22. Qe3 e5 23. Red1 Qc7 24. c5 b5 25. h4 Rad8 26. h5 a6 27. Bd3 g5 28. Bf5
Rxd1+ 29. Rxd1 Rd8 30. Re1 Bd5 31. a3 Qc6 32. Qg3 Re8 33. f4 exf4 34. Rxe8+
Qxe8 35. Qd3 Qe1+ 36. Kh2 1/2-1/2

[Event "XXVI Ogolnopolska Olimpiada Mlodziezy"]
[Site "Pulawy"]
[Date "2020.10.08"]
[Round "6.12"]
[White "Predkiewicz, Paulina"]
[Black "Pietryk, Joanna"]
[Result "1-0"]
[WhiteElo "1243"]
[BlackElo "1387"]
[PlyCount "47"]
[EventDate "2020.10.04"]
[EventType "swiss"]
[Tiebreak "Sum of Buchholz+Median1 Buchholz+Sonneborn-Berger (Swiss)"]

1. e4 c5 2. Nf3 d6 3. d4 cxd4 4. Nxd4 Nf6 5. Nc3 a6 6. Bc4 e6 7. Bb3 b5 8. f4
Be7 9. e5 dxe5 10. fxe5 Nd5 11. Nxd5 exd5 12. O-O O-O 13. Qf3 Bc5 14. Be3 Bb7
15. Kh1 Bb6 16. Qg3 Bxd4 17. Bxd4 Nc6 18. Be3 Re8 19. Bh6 g6 20. Bg5 Qd7 21.
Bf6 h6 22. Qh4 Kh7 23. Rf4 Nxe5 24. Qxh6+ 1-0

[Event "XXVI Ogolnopolska Olimpiada Mlodziezy"]
[Site "Pulawy"]
[Date "2020.10.08"]
[Round "6.13"]
[White "Kawa, Anna"]
[Black "Zielinska, Aleksandra"]
[Result "1/2-1/2"]
[WhiteElo "1152"]
[BlackElo "1384"]
[PlyCount "116"]
[EventDate "2020.10.04"]
[EventType "swiss"]
[Tiebreak "Sum of Buchholz+Median1 Buchholz+Sonneborn-Berger (Swiss)"]

1. e4 c5 2. a3 g6 3. b4 Bg7 4. Nc3 d6 5. Bb5+ Bd7 6. Bxd7+ Qxd7 7. Rb1 cxb4 8.
axb4 a6 9. Nd5 Qc6 10. Nf3 e6 11. Ne3 Qxe4 12. O-O Nf6 13. d3 Qc6 14. Nc4 Nbd7
15. Be3 O-O 16. Na5 Qc7 17. Qd2 Nd5 18. c4 Nxe3 19. fxe3 Rac8 20. b5 axb5 21.
Rxb5 b6 22. Nb3 Nc5 23. Rb1 Na4 24. Nbd4 e5 25. Ne2 Rb8 26. Qb4 Nc5 27. Ne1
Rfe8 28. Rxb6 Nd7 29. Rb7 Qc6 30. Qb5 Qxb7 31. Qxb7 Rxb7 32. Rxb7 Nc5 33. Rb6
Rd8 34. Nc3 f5 35. Nb5 d5 36. Rd6 Rxd6 37. Nxd6 dxc4 38. Nxc4 Kf7 39. Kf2 Ke6
40. Ke2 Kd5 41. Nb6+ Kc6 42. Nc4 Kb5 43. Nd6+ Kb4 44. Nf3 Kc3 45. Nb5+ Kb4 46.
Nd6 Bf8 47. Nf7 Nxd3 48. Kxd3 e4+ 49. Ke2 exf3+ 50. Kxf3 Kc3 51. e4 fxe4+ 52.
Kxe4 Kd2 53. g4 Ke2 54. h4 Kf2 55. Kf4 Kg2 56. h5 Kh3 57. hxg6 hxg6 58. g5 Kh4
1/2-1/2

[Event "XXVI Ogolnopolska Olimpiada Mlodziezy"]
[Site "Pulawy"]
[Date "2020.10.08"]
[Round "6.13"]
[White "Kutowski, Marcel"]
[Black "Paszkowski, Krystian"]
[Result "0-1"]
[WhiteElo "1712"]
[BlackElo "1889"]
[PlyCount "48"]
[EventDate "2020.10.04"]
[EventType "swiss"]
[Tiebreak "Sum of Buchholz+Median1 Buchholz+Sonneborn-Berger (Swiss)"]

1. e4 c5 2. Nf3 e6 3. d4 cxd4 4. Nxd4 a6 5. c4 Nf6 6. Nc3 Bb4 7. Qd3 Qc7 8. a3
Bxc3+ 9. Qxc3 d6 10. Bd3 e5 11. Nc2 Be6 12. Ne3 O-O 13. f3 Rc8 14. a4 Nc6 15.
Bd2 Nd4 16. O-O Rab8 17. Rfc1 b5 18. cxb5 Qb6 19. Qb4 Nb3 20. Rxc8+ Rxc8 21.
bxa6 Qxb4 22. Bxb4 Nxa1 23. Bxd6 Nb3 24. a7 Ra8 0-1

[Event "XXVI Ogolnopolska Olimpiada Mlodziezy"]
[Site "Pulawy"]
[Date "2020.10.08"]
[Round "6.13"]
[White "Pudelko, Magdalena"]
[Black "Romejko, Jagoda"]
[Result "0-1"]
[WhiteElo "1382"]
[BlackElo "1257"]
[PlyCount "118"]
[EventDate "2020.10.04"]
[EventType "swiss"]
[Tiebreak "Sum of Buchholz+Median1 Buchholz+Sonneborn-Berger (Swiss)"]

1. e4 d5 2. exd5 Qxd5 3. Nc3 Qd8 4. d4 Nf6 5. Nf3 c6 6. Bd3 Bg4 7. h3 Bh5 8.
O-O e6 9. Be2 Be7 10. b3 Nbd7 11. Bb2 O-O 12. Ng5 Bxe2 13. Qxe2 h6 14. Nge4
Nxe4 15. Nxe4 Nf6 16. c4 Nxe4 17. Qxe4 Bf6 18. Rad1 Qa5 19. Qc2 Rad8 20. Rfe1
Rfe8 21. Re3 Qb6 22. Qd2 Bg5 23. Qc3 Bxe3 24. fxe3 Qc7 25. e4 Qf4 26. Re1 Rd7
27. c5 f6 28. Qd3 Red8 29. Rf1 Qc7 30. Qc4 Re8 31. Qe2 e5 32. Qc4+ Kh8 33. d5
b5 34. d6 bxc4 35. dxc7 cxb3 36. axb3 Rxc7 37. b4 Rd8 38. Rf2 Rd1+ 39. Kh2 Re1
40. Rf3 Rxe4 41. Bc3 Rd7 42. Kg3 Kg8 43. Kh2 Kf7 44. Kg3 Kg6 45. Kh2 Kg5 46.
Kg3 Rf4 47. Re3 e4 48. Kh2 Rd3 49. Rg3+ Kf5 50. Be1 Rxg3 51. Kxg3 e3 52. h4 e2
53. b5 cxb5 54. c6 Rc4 55. Kf2 Rxc6 56. Kxe2 Re6+ 57. Kf2 Rxe1 58. Kxe1 Kg4 59.
Kf2 a5 0-1

[Event "XXVI Ogolnopolska Olimpiada Mlodziezy"]
[Site "Pulawy"]
[Date "2020.10.08"]
[Round "6.13"]
[White "Sniadecki, Oskar"]
[Black "Musin, Pawel"]
[Result "0-1"]
[WhiteElo "1577"]
[BlackElo "1372"]
[PlyCount "76"]
[EventDate "2020.10.04"]
[EventType "swiss"]
[Tiebreak "Sum of Buchholz+Median1 Buchholz+Sonneborn-Berger (Swiss)"]

1. d4 f5 2. Nf3 Nf6 3. e3 g6 4. b3 Bg7 5. Bb2 O-O 6. Nbd2 d6 7. Bd3 Qe8 8. O-O
Nbd7 9. Re1 e5 10. dxe5 dxe5 11. e4 f4 12. Nc4 Ng4 13. Ba3 Rf6 14. h3 Nh6 15.
Qd2 Nf7 16. Rad1 g5 17. Nh2 Nb6 18. Bb2 h5 19. Qe2 Rh6 20. a4 Be6 21. a5 Nxc4
22. Bxc4 Nd6 23. Bxe6+ Qxe6 24. Rd2 Re8 25. Ba3 Bf8 26. Red1 Rh7 27. Bxd6 Bxd6
28. f3 Bb4 29. Rd8 Bxa5 30. Qb5 Bb6+ 31. R8d4 Bxd4+ 32. Kh1 Qc6 33. Qd3 a6 34.
c4 Rd7 35. Qe2 Red8 36. b4 Be3 37. Rxd7 Qxd7 38. Nf1 Qd1 0-1

[Event "XXVI Ogolnopolska Olimpiada Mlodziezy"]
[Site "Pulawy"]
[Date "2020.10.08"]
[Round "6.14"]
[White "Madej, Marek"]
[Black "Bancarewicz, Aleks"]
[Result "1-0"]
[WhiteElo "1835"]
[BlackElo "1757"]
[PlyCount "115"]
[EventDate "2020.10.04"]
[EventType "swiss"]
[Tiebreak "Sum of Buchholz+Median1 Buchholz+Sonneborn-Berger (Swiss)"]

1. e4 c5 2. Nf3 d6 3. d4 cxd4 4. Qxd4 Nc6 5. Bb5 Bd7 6. Bxc6 Bxc6 7. Nc3 Nf6 8.
Bg5 e6 9. O-O-O Be7 10. Rhe1 O-O 11. Qd2 a5 12. Nd4 a4 13. a3 Qa5 14. f3 Rfc8
15. g4 Be8 16. Na2 Rc4 17. Qxa5 Rxa5 18. Bd2 Ra8 19. Bb4 Rac8 20. Nc3 Nd7 21.
Nxa4 Bf6 22. Nb5 Rxc2+ 23. Kb1 Nb6 24. Nac3 Rxb2+ 25. Kxb2 Bxb5 26. Rc1 Nc4+
27. Ka2 Ba6 28. Ne2 Rd8 29. f4 Bh4 30. Red1 h6 31. Ng3 g6 32. Rd4 b5 33. a4 d5
34. a5 Bf6 35. e5 Bg7 36. Ne4 Rc8 37. Nc5 Ra8 38. Nd7 Bc8 39. Rcxc4 bxc4 40.
Nb6 Rb8 41. Bd6 Rxb6 42. axb6 f6 43. Kb2 g5 44. Rd1 gxf4 45. Ra1 f3 46. Bc5 d4
47. Bxd4 fxe5 48. Ra8 exd4 49. b7 d3+ 50. Ka2 f2 51. bxc8=Q+ Kf7 52. Ra7+ Kf6
53. Qe8 Ke5 54. Rf7 d2 55. Qb8+ Ke4 56. Qf4+ Kd3 57. Rd7+ Kc2 58. Qxd2# 1-0

[Event "XXVI Ogolnopolska Olimpiada Mlodziezy"]
[Site "Pulawy"]
[Date "2020.10.08"]
[Round "6.14"]
[White "Nagly, Wojciech"]
[Black "Murawski, Milosz"]
[Result "1-0"]
[WhiteElo "1545"]
[BlackElo "1351"]
[PlyCount "90"]
[EventDate "2020.10.04"]
[EventType "swiss"]
[Tiebreak "Sum of Buchholz+Median1 Buchholz+Sonneborn-Berger (Swiss)"]

1. e4 c5 2. Nf3 d6 3. Bb5+ Bd7 4. Bxd7+ Qxd7 5. O-O g6 6. c4 Bg7 7. Nc3 Nf6 8.
d3 O-O 9. h3 Nc6 10. Be3 e5 11. Nd2 Ne8 12. f4 f5 13. exf5 Rxf5 14. Nde4 Nd4
15. Bxd4 exd4 16. Nd5 Nc7 17. Nxc7 Qxc7 18. Ng3 Rf7 19. Qf3 Raf8 20. Qd5 Kh8
21. f5 gxf5 22. Rxf5 Rxf5 23. Nxf5 Be5 24. Rf1 Qf7 25. Qxf7 Rxf7 26. g4 a6 27.
a4 b5 28. axb5 axb5 29. b3 bxc4 30. bxc4 Rf8 31. Ra1 h5 32. Kg2 hxg4 33. hxg4
Kh7 34. Kf3 Kg6 35. Rh1 Kg5 36. Rh5+ Kg6 37. Ke4 Rd8 38. Ne7+ Kf6 39. Nc6 Re8
40. Rf5+ Kg6 41. Nxe5+ dxe5 42. Rxe5 Rd8 43. Rxc5 Kf6 44. Rd5 Rg8 45. g5+ Ke6
1-0

[Event "XXVI Ogolnopolska Olimpiada Mlodziezy"]
[Site "Pulawy"]
[Date "2020.10.08"]
[Round "6.14"]
[White "Natoli, Alessia"]
[Black "Pniewska, Beata"]
[Result "0-1"]
[WhiteElo "1363"]
[BlackElo "1170"]
[PlyCount "118"]
[EventDate "2020.10.04"]
[EventType "swiss"]
[Tiebreak "Sum of Buchholz+Median1 Buchholz+Sonneborn-Berger (Swiss)"]

1. e4 e6 2. d4 d5 3. exd5 exd5 4. Nf3 Nf6 5. Bd3 c5 6. Qe2+ Be7 7. dxc5 O-O 8.
O-O Bxc5 9. h3 Re8 10. Qd1 Nc6 11. c3 Ne4 12. Bxe4 dxe4 13. Qxd8 Rxd8 14. Ne1
Be6 15. b3 Rd7 16. Bf4 Rad8 17. Nc2 Rd1 18. Be3 Be7 19. Nd4 Nxd4 20. Bxd4 Rxf1+
21. Kxf1 b6 22. Ke2 Rd5 23. Nd2 Rg5 24. Kf1 Ra5 25. c4 f5 26. a4 Kf7 27. Ke2
Bf6 28. Ke3 f4+ 29. Kxe4 Bf5+ 30. Kxf4 Bxd4 31. Ra2 Bd7 32. Nf3 Bf6 33. g4 h6
34. h4 g5+ 35. hxg5 hxg5+ 36. Kg3 b5 37. cxb5 Bxb5 38. Rc2 Bd3 39. Rc7+ Kg6 40.
Rc6 Be4 41. Rc7 Bd5 42. b4 Rxa4 43. Rd7 Ba8 44. Nd2 Be5+ 45. Kh3 Ra3+ 46. f3
Bxf3 47. Nc4 Bxg4+ 48. Kg2 Ra2+ 49. Rd2 Rxd2+ 50. Nxd2 Bc3 51. Nc4 Bxb4 52. Kg3
Be6 53. Ne5+ Kf5 54. Nc6 a5 55. Kf2 Bc5+ 56. Ke2 a4 57. Kd2 a3 58. Kc2 a2 59.
Kb2 g4 0-1

[Event "XXVI Ogolnopolska Olimpiada Mlodziezy"]
[Site "Pulawy"]
[Date "2020.10.08"]
[Round "6.14"]
[White "Szczotka, Matylda"]
[Black "Wiecek, Karolina"]
[Result "0-1"]
[WhiteElo "1306"]
[BlackElo "1438"]
[PlyCount "142"]
[EventDate "2020.10.04"]
[EventType "swiss"]
[Tiebreak "Sum of Buchholz+Median1 Buchholz+Sonneborn-Berger (Swiss)"]

1. e4 c6 2. d4 d5 3. Nc3 dxe4 4. Nxe4 Bf5 5. Ng3 Bg6 6. h4 h6 7. Nf3 Nd7 8. h5
Bh7 9. Bd3 Bxd3 10. Qxd3 Ngf6 11. Bd2 e6 12. Ne4 Be7 13. O-O-O Nxe4 14. Qxe4
Nf6 15. Qe2 Qd6 16. g3 Qd5 17. c4 Qe4 18. Be3 O-O-O 19. Ne5 Rhf8 20. f3 Qh7 21.
Qd2 Nd7 22. Nxd7 Rxd7 23. Qa5 Kb8 24. c5 Bd8 25. Qa4 Qf5 26. Bf4+ Bc7 27. Bxc7+
Rxc7 28. Qa3 Qg5+ 29. f4 Qd5 30. Kb1 Rd7 31. Qe3 Rfd8 32. Rh2 Qf5+ 33. Ka1 Qg4
34. Rd3 Rd5 35. Rh4 Rxh5 36. Rxh5 Qxh5 37. a3 Rd5 38. Qe4 Qf5 39. Qxf5 Rxf5 40.
Kb1 Kc7 41. Kc2 b6 42. cxb6+ axb6 43. Kd2 Kd6 44. Ke3 g5 45. fxg5 hxg5 46. Ke4
Rf2 47. Rb3 b5 48. Ke3 Rg2 49. Kf3 Rd2 50. Ke3 Rd1 51. Rc3 f5 52. Rc2 Re1+ 53.
Kd2 Re4 54. Kd3 Rg4 55. Rg2 Kd5 56. b3 Rxd4+ 57. Kc3 e5 58. Ra2 Rg4 59. a4
Rxg3+ 60. Kb4 bxa4 61. bxa4 c5+ 62. Kb5 Rb3+ 63. Ka6 c4 64. a5 c3 65. Ka7 Rb2
66. Ra1 c2 67. Rc1 Kd4 68. a6 Kd3 69. Ka8 Rb1 70. a7 Rxc1 71. Kb7 Ra1 0-1

[Event "XXVI Ogolnopolska Olimpiada Mlodziezy"]
[Site "Pulawy"]
[Date "2020.10.08"]
[Round "6.15"]
[White "Lajdamik, Anna"]
[Black "Skolska, Emilia"]
[Result "0-1"]
[WhiteElo "1292"]
[BlackElo "1401"]
[PlyCount "68"]
[EventDate "2020.10.04"]
[EventType "swiss"]
[Tiebreak "Sum of Buchholz+Median1 Buchholz+Sonneborn-Berger (Swiss)"]

1. e4 e5 2. Nf3 Nc6 3. d4 exd4 4. c3 d5 5. exd5 Qxd5 6. cxd4 Bg4 7. Nc3 Bb4 8.
Be2 Qa5 9. O-O O-O-O 10. a3 Bxc3 11. bxc3 Qxc3 12. d5 Qxa1 13. Qb3 Nd4 14. Nxd4
Qxd4 15. Rd1 Qe4 16. Bxg4+ Qxg4 17. f3 Qf5 18. Be3 a6 19. Qc3 Nf6 20. d6 c6 21.
Bf2 Nd5 22. Qc5 Qe6 23. Re1 Qxd6 24. Qxd6 Rxd6 25. Bc5 Rg6 26. a4 Nf4 27. Re4
Rxg2+ 28. Kf1 Rc2 29. Rxf4 Rxc5 30. Rxf7 Rc2 31. Rxg7 Rd8 32. Ke1 Rdd2 33. Rxh7
Rxh2 34. Rxh2 Rxh2 0-1

[Event "XXVI Ogolnopolska Olimpiada Mlodziezy"]
[Site "Pulawy"]
[Date "2020.10.08"]
[Round "6.15"]
[White "Marczyk, Kinga"]
[Black "Mitrega, Wiktoria"]
[Result "1/2-1/2"]
[WhiteElo "1306"]
[BlackElo "1064"]
[PlyCount "67"]
[EventDate "2020.10.04"]
[EventType "swiss"]
[Tiebreak "Sum of Buchholz+Median1 Buchholz+Sonneborn-Berger (Swiss)"]

1. e4 c6 2. d4 d5 3. exd5 cxd5 4. Nf3 Nf6 5. Bd3 Nc6 6. c3 Bg4 7. O-O e6 8. h3
Bh5 9. Bc2 Bd6 10. Re1 O-O 11. g4 Bg6 12. Bxg6 hxg6 13. Bg5 Qb6 14. Qc2 Ne4 15.
Be3 Rac8 16. Qe2 Na5 17. Ne5 Qc7 18. f3 Nf6 19. Bf2 Rfe8 20. Nd2 Nd7 21. Rac1
Nc6 22. Nxc6 bxc6 23. Kg2 Qb6 24. b3 c5 25. dxc5 Bxc5 26. Bxc5 Nxc5 27. c4 Rcd8
28. cxd5 Rxd5 29. Rcd1 Red8 30. Nc4 Qb7 31. Rxd5 Rxd5 32. Ne3 Rd7 33. Qc4 Nd3
34. Rf1 1/2-1/2

[Event "XXVI Ogolnopolska Olimpiada Mlodziezy"]
[Site "Pulawy"]
[Date "2020.10.08"]
[Round "6.15"]
[White "Maslanka, Wojciech"]
[Black "Bury, Milosz"]
[Result "1-0"]
[WhiteElo "1824"]
[BlackElo "1436"]
[PlyCount "117"]
[EventDate "2020.10.04"]
[EventType "swiss"]
[Tiebreak "Sum of Buchholz+Median1 Buchholz+Sonneborn-Berger (Swiss)"]

1. e4 c5 2. Nf3 e6 3. d4 cxd4 4. Nxd4 Nf6 5. Nc3 Nc6 6. Nxc6 bxc6 7. e5 Nd5 8.
Ne4 Rb8 9. c4 f5 10. exf6 Bb4+ 11. Bd2 Bxd2+ 12. Qxd2 Nxf6 13. Nd6+ Ke7 14.
Nxc8+ Qxc8 15. Bd3 Qb7 16. b3 Qb4 17. Qxb4+ Rxb4 18. Kd2 c5 19. Kc3 a5 20. Rae1
g6 21. g3 Rd8 22. Re2 a4 23. Rhe1 axb3 24. axb3 Rdb8 25. Bc2 R4b6 26. Re5 Rc8
27. Ra1 d6 28. Ra7+ Nd7 29. Re3 Rbb8 30. Be4 Rf8 31. Bc6 Rbd8 32. f4 Rf7 33.
Bd5 Rf6 34. Kd2 Kf7 35. Bc6 Ke7 36. Ke1 h6 37. Re2 Rf7 38. Bd5 Rf6 39. Rb7 Rb8
40. Ra7 Rc8 41. h4 h5 42. Kd2 Rb8 43. Bc6 Rd8 44. Kc3 Rf7 45. Bd5 Rf6 46. Rc7
Kf7 47. Bc6 Ke8 48. Ra2 Rf7 49. Raa7 Rg7 50. Kd3 Rf7 51. Ke3 Rg7 52. Kf3 Rf7
53. Rab7 Rg7 54. g4 Rf7 55. gxh5 gxh5 56. Ke4 Re7 57. f5 exf5+ 58. Kxf5 Rg7 59.
Rxd7 1-0